000 00597nam a2200229Ia 4500
003 OSt
005 20220918192546.0
006 a|||||r|||| 00| 0
007 ta
008 220917b |||||||| |||| 00| 0 eng d
024 _a68,998
037 _cTextual
040 _aARTS
_cARTS
_beng
041 _2eng
_aeng
082 _aR3:Q, G8-;1
100 _aDe Burgh W G
_979433
245 0 _aFrom morality to religion
260 _c1938
490 _aGifford lectures , University of St. Andrews , 1938
942 _hR3:Q, G8-;1
_cTEXL
_2CC
999 _c195161
_d195161